[Event "Oberpfalz-ch M2"]
[Site "Regensburg"]
[Date "2006.04.10"]
[Round "6"]
[White "Baumann, Rainer"]
[Black "Gelhard, Johannes"]
[Result "1/2-1/2"]
[WhiteElo "1687"]
[BlackElo "1548"]
[PlyCount "28"]
[EventDate "2006.04.08"]
[EventType "swiss"]
[EventRounds "8"]
[EventCountry "GER"]
[SourceTitle "EXT 2022"]
[Source "ChessBase"]
[SourceDate "2021.10.06"]
[SourceVersion "1"]
[SourceVersionDate "2021.10.06"]
[SourceQuality "1"]

1. e3 f5 2. b3 Nf6 3. Bb2 g6 4. f4 Bg7 5. Nf3 0-0 6. Be2 d6 7. c4 Nc6 8. Nc3 e5 9. fxe5 dxe5 10. Nd5 e4 11. Nd4 Nxd4 12. Bxd4 Nxd5 13. Bxg7 Nxe3 14. dxe3 Kxg7 1/2-1/2

[Event "Oberpfalz-ch M2"]
[Site "Regensburg"]
[Date "2006.04.09"]
[Round "3"]
[White "Al Jou Jou, Juma"]
[Black "Gelhard, Johannes"]
[Result "1/2-1/2"]
[WhiteElo "1718"]
[BlackElo "1548"]
[PlyCount "58"]
[EventDate "2006.04.08"]
[EventType "swiss"]
[EventRounds "8"]
[EventCountry "GER"]
[SourceTitle "EXT 2022"]
[Source "ChessBase"]
[SourceDate "2021.10.06"]
[SourceVersion "1"]
[SourceVersionDate "2021.10.06"]
[SourceQuality "1"]

1. e4 d5 2. exd5 Nf6 3. Bb5+ Nbd7 4. c4 a6 5. Bxd7+ Qxd7 6. b3 c6 7. dxc6 Qxc6 8. Qf3 Qxf3 9. Nxf3 Bg4 10. Ne5 Rd8 11. Nxg4 Nxg4 12. Bb2 e6 13. h3 Nf6 14. d4 Bb4+ 15. Ke2 Ke7 16. Rd1 Rd7 17. Nd2 Rhd8 18. Nf3 Ne4 19. Rd3 f6 20. Re3 Nd6 21. Rd3 g5 22. Rad1 h5 23. Bc3 Bxc3 24. Rxc3 Nf5 25. g4 hxg4 26. hxg4 Nxd4+ 27. Nxd4 Rxd4 28. Rxd4 Rxd4 29. f3 Kd6 1/2-1/2

[Event "Oberpfalz-ch M2"]
[Site "Regensburg"]
[Date "2006.04.09"]
[Round "4"]
[White "Gelhard, Johannes"]
[Black "Schmid, Markus"]
[Result "0-1"]
[WhiteElo "1548"]
[BlackElo "1773"]
[PlyCount "44"]
[EventDate "2006.04.08"]
[EventType "swiss"]
[EventRounds "8"]
[EventCountry "GER"]
[SourceTitle "EXT 2022"]
[Source "ChessBase"]
[SourceDate "2021.10.06"]
[SourceVersion "1"]
[SourceVersionDate "2021.10.06"]
[SourceQuality "1"]

1. d4 g6 2. Nf3 Bg7 3. c3 Nf6 4. Bg5 d6 5. Nbd2 b6 6. e4 Bb7 7. Bd3 0-0 8. 0-0 c5 9. dxc5 dxc5 10. Qe2 Qc7 11. h3 h6 12. Be3 Nc6 13. a4 Rfd8 14. Nc4 e6 15. Nfd2 Nh5 16. g3 Rd7 17. Bc2 Ba6 18. Rfd1 Rad8 19. Bb3 Ne5 20. Kg2 Qb7 21. f3 Qc7 22. Nf1 Rxd1 0-1